Butterflies / (Record no. 6603)

MARC details
000 -LEADER
fixed length control field 01077cam a2200325 a 4500
001 - CONTROL NUMBER
control field 6603
003 - CONTROL NUMBER IDENTIFIER
control field FISKH
005 - DATE AND TIME OF LATEST TRANSACTION
control field 20250513102647.0
008 - FIXED-LENGTH DATA ELEMENTS--GENERAL INFORMATION
fixed length control field 040519s2005 mnua j b 001 0 eng
010 ## - LIBRARY OF CONGRESS CONTROL NUMBER
LC control number 2004011970
020 ## - INTERNATIONAL STANDARD BOOK NUMBER
International Standard Book Number 0736836438 (hardcover)
020 ## - INTERNATIONAL STANDARD BOOK NUMBER
International Standard Book Number 9780736851015
040 ## - CATALOGING SOURCE
Original cataloging agency DLC
Transcribing agency DLC
Modifying agency DLC
Language of cataloging eng
050 ## - LIBRARY OF CONGRESS CALL NUMBER
Classification number QL544.2 .H69
082 ## - DEWEY DECIMAL CLASSIFICATION NUMBER
Classification number 595.78
100 1# - MAIN ENTRY--PERSONAL NAME
Personal name Howard, Fran,
Dates associated with a name 1953-
245 10 - TITLE STATEMENT
Title Butterflies /
Statement of responsibility, etc. by Fran Howard ; consulting editor, Gail Saunders-Smith ; consultant Gary A. Dunn.
260 ## - PUBLICATION, DISTRIBUTION, ETC.
Place of publication, distribution, etc. Mankato :
Name of publisher, distributor, etc. Capstone Press,
Date of publication, distribution, etc. 2005.
300 ## - PHYSICAL DESCRIPTION
Extent 24 pages :
Other physical details color illustrations ;
Dimensions 23 x 28cm.
440 #0 - SERIES STATEMENT/ADDED ENTRY--TITLE
Title Pebble plus.
Name of part/section of a work Bugs, bugs, bugs!
504 ## - BIBLIOGRAPHY, ETC. NOTE
Bibliography, etc. note Includes bibliographical references (p. 23) and index.
505 ## - FORMATTED CONTENTS NOTE
Formatted contents note G<br/>
520 ## - SUMMARY, ETC.
Summary, etc. Simple text and photographs describe the physical characteristics of butterflies.
521 8# - TARGET AUDIENCE NOTE
Target audience note 380<br/>
Source Lexile <br/>
521 8# - TARGET AUDIENCE NOTE
Target audience note G<br/>
Source Raz-Plus<br/>
650 #0 - SUBJECT ADDED ENTRY--TOPICAL TERM
Topical term or geographic name entry element Butterflies
Form subdivision Juvenile literature.
906 ## - LOCAL DATA ELEMENT F, LDF (RLIN)
a 7
b cbc
c orignew
d 1
e ecip
f 20
g y-gencatlg
942 ## - ADDED ENTRY ELEMENTS (KOHA)
Source of classification or shelving scheme Dewey Decimal Classification
Koha item type Books
Suppress in OPAC No
Holdings
Withdrawn status Lost status Source of classification or shelving scheme Damaged status Not for loan Collection Home library Current library Shelving location Date acquired Total Checkouts Full call number Barcode Date last seen Copy number Price effective from Koha item type
Withdrawn   Dewey Decimal Classification Damaged   Non-Fiction Footprints International School Library Network Toul Kork Campus Footprints International School Library Network Toul Kork Campus TK Primary Library Room(4th Floor), Bookcase 1&2, Shelves 1-16, Dark Blue Books 05/13/2025   HOW 595.78 QL544.2 .H69 FISTK02172 05/13/2025 1 05/13/2025 Books